000 01118cam a22003375a 4500
001 016015066
003 EG-ScBUE
005 20211220092506.0
008 120119s2012 nyu f 000 1 eng d
020 _a9780749955410 (pbk.)
020 _a0749955414 (pbk.)
040 _aStDuBDS
_beng
_erda
_cStDuBDS
_dEG-ScBUE
082 0 4 _a813.54
_bROB
_222
100 1 _aRoberts, Nora,
_eauthor.
_940203
245 1 4 _aThe next always /
_cNora Roberts.
264 1 _aNew York :
_bPiatkus,
_c2012.
300 _a341 pages ;
_c20 cm.
336 _2rdacontent
_atext
_btxt
337 _2rdamedia
_aunmediated
_bn
338 _2rdacarrier
_avolume
_bnc
490 0 _aInn at Boonsboro trilogy ;
_v1
500 _aOriginally published: New York: Berkley; London: Piatkus, 2011.
500 _aThe international bestseller.
650 7 _2BUEsh
_924091
_aArchitects
_vFiction.
650 7 _910537
_aWidows
_vFiction.
_2BUEsh
650 7 _940209
_aSingle mothers
_vFiction.
_2BUEsh
651 7 _aBoonsboro (Md.)
_vFiction.
_2BUEsh
_940204
653 _cJune2016
_dBestSellers
_bHHUUEENN
655 _vReading book
_934232
942 _2ddc
_cBB
999 _c21902
_d21874